000
00178nam a22000857a 4500
999
_c
263047
_d
263046
100
_a
Eva Moore
245
_a
Johnny Appleseed
260
_a
New York
_b
Scholastic
_c
1964
942
_c
BK